[Event "Buenos Aires Najdorf op"]
[Site "Buenos Aires"]
[Date "1993.??.??"]
[Round "9"]
[White "Mendez, Ernesto"]
[Black "Restifa, Hector"]
[Result "1-0"]
[WhiteElo "2385"]
[BlackElo "2315"]

1.Nf3 c5 2.c4 Nf6 3.g3 b6 4.Bg2 Bb7 5.O-O e6 6.Nc3 Be7 7.Re1 d6 8.d4 cxd4
9.Nxd4 Bxg2 10.Kxg2 a6 11.b3 Qc7 12.Bb2 Nbd7 13.e4 Qb7 14.f4 O-O 15.Qf3 g6
16.Rad1 Rfc8 17.e5 Qxf3+ 18.Nxf3 Ne8 19.Ne4 d5 20.cxd5 Rc2+ 21.Rd2 Rxd2+
22.Nexd2 exd5 23.e6 fxe6 24.Rxe6 Kf7 25.Rc6 Ra7 26.Ne5+ Nxe5 27.Bxe5 Bc5
28.Nf3 Ke7 29.Bd4 Bxd4 30.Nxd4 Rb7 31.h4 Nd6 32.Nf3 Nf5 33.Kf2 Kd7 34.Ne5+ Ke7
35.Rc1 Nd6 36.Rc6 Nb5 37.Ke3 Na7 38.Rc2 Kd6 39.g4 Re7 40.a4 b5 41.a5 b4 42.g5 Rb7
43.h5 gxh5 44.Rh2 Nc6 45.Nxc6 Kxc6 46.Rxh5 Kc5 47.f5 Re7+ 48.Kd3 Rf7 49.f6 Rc7
50.Rxh7 Rxh7 51.g6 Rh3+ 52.Ke2 Rh2+ 53.Kf3 Rh1 54.g7 Rf1+ 55.Ke3 Rxf6 56.g8=Q Rc6
57.Qf7 Kb5 58.Qb7+ Kc5 59.Kd3 d4 60.Qb8 Rd6 61.Qf8 Kb5 62.Qxd6  1-0

[Event "Cappelle op"]
[Site "Cappelle la Grande"]
[Date "1993.??.??"]
[Round "6"]
[White "Krivonosov, Oleg"]
[Black "Keogh, Eamon"]
[Result "1/2-1/2"]
[WhiteElo "2430"]
[BlackElo "2215"]

1.Nf3 c5 2.c4 b6 3.g3 Bb7 4.Bg2 Nf6 5.O-O e6 6.Nc3 Be7 7.d4 cxd4 8.Qxd4 Nc6
9.Qf4 d6 10.Rd1 a6 11.b3 Qc7 12.Bb2 O-O 13.Rac1 Nd8 14.a4 Rc8 15.Ba3 d5 16.Qxc7 Rxc7
17.Bxe7 Rxe7 18.cxd5 Nxd5 19.Ne5 f6 20.Nc4 Nxc3 21.Rxc3 Bxg2 22.Kxg2 Rc7
23.Rcd3 b5 24.axb5 axb5 25.Nd6 b4 26.Nb5 Rc5 27.Rxd8 Rxb5 28.R8d6 e5 29.Rc6 Rb7
30.Rdd6 Ra8 31.Rb6 Raa7 32.Rd8+ Kf7 33.Rb8 Rd7 34.Rxb4 Ke6 35.R8b6+ Kf5 36.Ra4 Rxa4
37.bxa4 Rd2 38.e3 Ra2 39.Ra6 g5 40.e4+ Kxe4 41.Rxf6 Rxa4 42.Rf7 h5 43.Rh7 h4
44.gxh4 g4 45.Rg7 Kf5 46.h3 gxh3+ 47.Kxh3 Ra1 48.Rf7+ Kg6 49.Rf8 Ra3+ 50.Kg4 Ra4+
51.Kg3 Ra3+ 52.Rf3 Ra4 53.Kh3 Ra2 54.Rg3+ Kf5 55.Rg5+ Kf4 56.Rg4+ Kf5 57.Kg3 Ra1
58.Rg5+ Kf6 59.Kg4 Ra8 60.Rf5+ Ke6 61.h5 Rg8+ 62.Rg5 Rf8 63.Rg6+ Ke7 64.f3 Rf4+
65.Kg3 Rf5 66.h6 Kf7 67.Rg4 Rh5 68.Rh4 Rg5+ 69.Kf2 Rg8 70.h7 Rh8 71.Ke3 Kf6
72.Ke4 Kg7 73.Rh1 Kf6 74.Rh2 Kg7 75.Kxe5 Re8+ 76.Kf5 Kh8 77.f4 Rf8+ 78.Kg5 Rf6
79.Rh1 Ra6 80.f5 Rb6 81.Rh5 Ra6 82.Rh4 Rb6 83.Rh2 Ra6 84.Rh3 Rb6 85.Kf4 Rb4+
86.Ke5 Rb5+ 87.Kf6 Rb6+ 88.Ke7 Rb7+ 89.Ke8 Rb8+ 90.Kd7 Rb7+ 91.Kd6 Rb6+ 92.Ke5 Rb5+
93.Kf4 Rb4+ 94.Kg5 Rb6 95.Re3 Kxh7 96.Re6 Rb1 97.Re7+ Kg8 98.Kg6 Rg1+ 99.Kf6 Rf1
100.Re8+ Kh7 101.Rf8 Rf2 102.Ke7 Re2+ 103.Kf7 Rf2 104.f6 Ra2 105.Re8 Ra7+
106.Re7 Ra8 107.Re6 Rb8 108.Re8 Rb7+ 109.Ke6 Rb6+ 110.Kf5 Rb5+ 111.Re5 Rb1
112.Re8 Rb5+ 113.Ke6 Rb6+ 114.Kf7 Rb7+ 115.Re7 Rb8 116.Ra7 Rc8 117.Ra1 Rc7+
118.Ke6 Rc6+ 119.Ke7 Rc7+ 120.Kd6 Rb7  1/2-1/2

[Event "Cheliabinsk"]
[Site "Cheliabinsk"]
[Date "1993.??.??"]
[Round "?"]
[White "Vakhidov, Tahir"]
[Black "Ulibin, Mikhail"]
[Result "1/2-1/2"]
[WhiteElo "2470"]
[BlackElo "2560"]

1.Nf3 e6 2.g3 c5 3.c4 b6 4.Bg2 Bb7 5.O-O Nf6 6.Nc3 Be7 7.d4 cxd4 8.Qxd4 d6
9.b3 O-O 10.Rd1 Nbd7 11.e4 Qc8 12.Qe3 a6 13.Ba3 Nc5 14.Nd4 Re8 15.h3 Qc7
16.Bb2 Rad8 17.Re1 Bf8 18.Rad1 d5 19.e5 Nfe4 20.cxd5 exd5 21.f4 Qb8 22.Kh2 Nxc3
23.Qxc3 Rc8 24.Qf3 Ne4 25.Rc1 Rc5 26.Red1 Rec8 27.Qe3 Rxc1 28.Rxc1  1/2-1/2

[Event "Copenhagen OBRO"]
[Site "Copenhagen"]
[Date "1993.??.??"]
[Round "2"]
[White "Jirovsky, Milos"]
[Black "Kristensen, Kaare"]
[Result "1-0"]
[WhiteElo "2420"]
[BlackElo "2295"]

1.Nf3 Nf6 2.c4 e6 3.g3 b6 4.Bg2 Bb7 5.O-O c5 6.Nc3 d6 7.d4 cxd4 8.Qxd4 a6
9.Rd1 Be7 10.Ng5 Bxg2 11.Kxg2 Nc6 12.Qf4 O-O 13.Nce4 d5 14.Nxf6+ Bxf6 15.cxd5 exd5
16.Qf5 g6 17.Qxd5 Qxd5+ 18.Rxd5 Rfd8 19.Ne4 Bg7 20.Rxd8+ Rxd8 21.Be3 f5 22.Nc3 b5
23.Rc1 Nb4 24.a3 Bxc3 25.Rxc3 Nd5 26.Rd3 Kf7 27.Bc5 Ke6 28.f3 Rd7 29.Kf2 a5
30.h3 Rc7 31.b4 Rc6 32.e4 fxe4 33.fxe4 Nf6 34.Ke3 Nd7 35.Rd5 a4 36.Kd4 h6
37.g4 Rc7 38.Rd6+ Kf7 39.e5  1-0

[Event "Cuxhaven op"]
[Site "Cuxhaven"]
[Date "1993.??.??"]
[Round "5"]
[White "Dokhoian, Yury"]
[Black "Chuchelov, Vladimir"]
[Result "1/2-1/2"]
[WhiteElo "2550"]
[BlackElo "2510"]

1.Nf3 Nf6 2.c4 c5 3.g3 b6 4.Bg2 Bb7 5.O-O e6 6.Nc3 Be7 7.d4 cxd4 8.Qxd4 d6
9.b3 Na6 10.e4 Nc5 11.e5 dxe5 12.Qxd8+ Rxd8 13.Nxe5 Bxg2 14.Kxg2 a6  1/2-1/2

[Event "Cuxhaven op"]
[Site "Cuxhaven"]
[Date "1993.??.??"]
[Round "8"]
[White "Schwarz, Michael"]
[Black "David, Adrian"]
[Result "1/2-1/2"]
[WhiteElo "2405"]
[BlackElo "2305"]

1.Nf3 Nf6 2.c4 c5 3.g3 b6 4.Bg2 Bb7 5.O-O e6 6.Nc3 Be7 7.d4 cxd4 8.Qxd4 d6
9.Rd1 a6 10.Be3 Nbd7 11.Ng5 Bxg2 12.Kxg2 Rc8 13.Rac1 O-O 14.Nce4 Rc6 15.Nxf6+  1/2-1/2

[Event "Debrecen-A"]
[Site "Debrecen"]
[Date "1993.??.??"]
[Round "6"]
[White "Forgacs, Jozsef"]
[Black "Ionescu, Constantin"]
[Result "1/2-1/2"]
[WhiteElo "2330"]
[BlackElo "2475"]

1.Nf3 Nf6 2.c4 c5 3.g3 b6 4.Bg2 Bb7 5.O-O e6 6.b3 Be7 7.Bb2 O-O 8.e3 a6 9.Nc3 Ra7
10.Qe2 d5 11.cxd5 Nxd5 12.Nxd5 Bxd5 13.Rfd1 Nd7  1/2-1/2

[Event "DEN-chT9394"]
[Site "DEN"]
[Date "1993.??.??"]
[Round "3"]
[White "Andreasen, Per"]
[Black "Andersen, Jan Ivan"]
[Result "1/2-1/2"]
[WhiteElo "2275"]
[BlackElo "2215"]

1.Nf3 Nf6 2.c4 e6 3.g3 b6 4.Bg2 Bb7 5.O-O c5 6.b3 Be7 7.Bb2 O-O 8.Nc3 a6
9.d4 cxd4 10.Nxd4 Bxg2 11.Kxg2 d5 12.cxd5 Nxd5 13.Nxd5 Qxd5+ 14.Nf3 Qb7 15.Rc1 Nd7
16.Qd3 Rfd8 17.Rfd1 Ne5 18.Qe3 Nxf3 19.Qxf3 Qxf3+ 20.Kxf3 Rxd1 21.Rxd1 Rd8
22.Rxd8+ Bxd8 23.e4 f6 24.g4 g5 25.h3 Kf7 26.Ke3 e5 27.Kd3 b5 28.f3 Be7 29.Bc3 Bc5
30.Be1 Kg6 31.h4 h5 32.gxh5+ Kxh5 33.hxg5 Kxg5 34.Bd2+ Kh4 35.a4 Kg3 36.Ke2 Kg2
37.f4 exf4 38.Bxf4 Bd4 39.axb5 axb5 40.Bd6 Ba1 41.Bc5 Bb2  1/2-1/2

[Event "Arab-ch8 Doha"]
[Site "Doha"]
[Date "1993.??.??"]
[Round "2"]
[White "Abdulla, A."]
[Black "Hamid, Mansour Kadi"]
[Result "0-1"]
[WhiteElo "2300"]
[BlackElo "2270"]

1.Nf3 Nf6 2.c4 c5 3.g3 b6 4.Bg2 Bb7 5.O-O e6 6.Nc3 d6 7.Re1 Nbd7 8.e4 e5
9.Nh4 g6 10.d3 Rb8 11.f4 exf4 12.gxf4 Bg7 13.e5 dxe5 14.Bxb7 Rxb7 15.Qf3 e4
16.Nxe4 O-O 17.Nxf6+ Qxf6 18.Qxb7 Qxh4 19.Be3 Nf6 20.Qg2 Ng4 21.Kh1 Re8 22.Bd2 Rd8
23.Be3 Rxd3 24.Bg1 Bd4 25.Rad1 Rh3 26.Re2 h5 27.Rdd2 Kg7 28.Bxd4+ cxd4 29.Qe4 d3
30.Qd4+ Kh7 31.Rg2 Qe1+ 32.Qg1 Qe4 33.Qb1 Rxh2+ 34.Kg1 Qe3+  0-1

[Event "Dortmund op-A"]
[Site "Dortmund"]
[Date "1993.??.??"]
[Round "4"]
[White "Busch, Klaus"]
[Black "Krallmann, Matthias"]
[Result "1-0"]
[WhiteElo "2385"]
[BlackElo "2285"]

1.Nf3 Nf6 2.c4 c5 3.g3 b6 4.Bg2 Bb7 5.O-O e6 6.Nc3 a6 7.d4 cxd4 8.Qxd4 d6
9.Ng5 Bxg2 10.Kxg2 Nbd7 11.Nge4 Nxe4 12.Nxe4 Nc5 13.Bg5 Qd7 14.Nc3 Rc8 15.Rac1 b5
16.cxb5 axb5 17.b4 Qb7+ 18.f3 Na6 19.Nxb5 Rxc1 20.Rxc1 Qxb5 21.Qa7 Nc5 22.bxc5 dxc5
23.Qa8+ Kd7 24.Qd8+ Kc6 25.Qe8+ Kb6 26.Rb1  1-0

[Event "Elgoibar"]
[Site "Elgoibar"]
[Date "1993.??.??"]
[Round "2"]
[White "Saenz, Juan Jose"]
[Black "Suba, Mihai"]
[Result "0-1"]
[WhiteElo "2305"]
[BlackElo "2500"]

1.Nf3 c5 2.c4 Nf6 3.g3 b6 4.Bg2 Bb7 5.O-O e6 6.Nc3 a6 7.a3 Be7 8.Rb1 O-O
9.b4 Ra7 10.bxc5 bxc5 11.d3 Nc6 12.Qa4 Ba8 13.Bf4 d6 14.Rb2 Qc7 15.Rfb1 Nd7
16.Ne4 h6 17.g4 g5 18.Bd2 Bd8 19.h4 d5 20.cxd5 exd5 21.Ng3 Nce5 22.hxg5 Nxf3+
23.Bxf3 hxg5 24.d4 Bf6 25.Nf5 cxd4 26.Bb4 Qc4 27.Nd6 Qc6 28.Qxc6 Bxc6 29.Rc2 Ne5
30.Rbc1 Nxf3+ 31.exf3 Ba4 32.Rc5 d3 33.Rxd5 Bc2 34.Ne4 Bg7 35.Bxf8 Kxf8 36.Rc5 Bb2
37.R1xc2 dxc2 38.Rxc2 Bxa3 39.Nxg5 a5 40.f4 a4 41.f5 Bd6 42.f6 Kg8 43.Rd2 Bb4
44.Rd4 Bf8 45.Rd2 a3 46.Ra2 Ra4 47.f3 Rf4 48.Kf2 Rxf6 49.Ke2 Kg7 50.Ne4 Rb6
51.Rc2 Kg6 52.Ra2 Rb1 53.Rc2 Kg7 54.Kd3 Rb3+ 55.Ke2 Bb4 56.Nd2 Rc3 57.Ra2 Rc1
58.Ne4 Rb1 59.Kd3 Rb3+ 60.Kc4 Rb2 61.Ra1 Bf8 62.Rf1 Kg6 63.Ra1 Rb4+ 64.Kd5 Rb3
65.f4 Rd3+ 66.Kc4 Rf3 67.f5+ Kg7 68.Kd4 Be7 69.Rg1 Bd8 70.Rg2 Bb6+ 71.Kc4 Bf2
72.Nc3 Rf4+ 73.Kb3 Bd4 74.Nb5 Rf3+ 75.Ka2 Bc5 76.g5 Rxf5 77.Nxa3 Bxa3 78.Kxa3 Kg6
79.Kb4 Rxg5 80.Rf2 Rg3 81.Kc4 f5  0-1

[Event "BL2-N9293"]
[Site "Germany"]
[Date "1993.??.??"]
[Round "?"]
[White "Steckner, Johannes"]
[Black "Feick, Stefan"]
[Result "1-0"]
[WhiteElo "2310"]
[BlackElo "2265"]

1.Nf3 Nf6 2.c4 c5 3.g3 b6 4.Bg2 Bb7 5.O-O e6 6.Nc3 a6 7.d4 cxd4 8.Qxd4 d6
9.Ng5 Bxg2 10.Kxg2 Nbd7 11.Nge4 Nxe4 12.Nxe4 Nc5 13.Rd1 Nxe4 14.Qxe4 Qc8
15.Bf4 e5 16.Be3 Rb8 17.f4 f6 18.fxe5 dxe5 19.Rd5 Qb7 20.Rad1 Be7 21.Qg4 Kf7
22.Qh5+ Ke6 23.g4 g6 24.Qh6 b5 25.g5 bxc4 26.gxf6 Bxf6 27.Qh3+ Kf7 28.Kg1 Be7
29.Rf1+ Ke8 30.Qe6 Rf8 31.Rxf8+ Kxf8 32.Bh6+ Ke8 33.Qg8+ Bf8 34.Qxf8+  1-0

[Event "NRW-Liga II 9293"]
[Site "Germany"]
[Date "1993.??.??"]
[Round "?"]
[White "Rohde, Ulrich"]
[Black "Kruszynski, Wlodzimierz"]
[Result "1/2-1/2"]
[WhiteElo "2285"]
[BlackElo "2380"]

1.c4 Nf6 2.Nf3 e6 3.g3 b6 4.Bg2 Bb7 5.O-O c5 6.Nc3 d6 7.Re1 Be7 8.e4 a6 9.d4 cxd4
10.Nxd4 Qc7 11.Be3 O-O 12.Rc1 Re8 13.f4 Nbd7 14.g4 Nf8 15.g5 N6d7 16.f5 Ne5
17.b3 Rac8 18.fxe6 fxe6 19.Bh3 Bd8 20.Rf1 Neg6 21.Qh5 Qe7 22.Rf3 b5 23.Rcf1 bxc4
24.Bg4 cxb3 25.Rh3 Rxc3 26.Bxe6+ Qxe6 27.Nxe6 Rxe6 28.Rhf3 Be7 29.Qh3 Rxe3
30.Rxe3 Bxe4 31.Rxe4 Rxe4 32.Qf5 Re5 33.Qf7+ Kh8 34.Qxb3 Rxg5+ 35.Kh1 Re5
36.Qb7 a5 37.Rf7 Kg8 38.Qb3 d5 39.Rf1 h6 40.Qc3 Kh7 41.Qxa5 d4 42.Qd2 Ne6
43.a4 Bd8 44.Qc2 Re3 45.Qf5 Bc7 46.Rg1 Ng5 47.Rc1 Be5 48.Rc6 Bf6 49.Rxf6 gxf6
50.a5 Nf3 51.Qd7+ Re7 52.Qd6 Nfh4 53.Kg1 Nf3+ 54.Kf2 Nfe5 55.a6 Rd7 56.Qb6 Nf4
57.a7 Nd5 58.Qb1+ d3 59.a8=Q Rc7 60.Qa4 Rc2+ 61.Qbxc2 dxc2 62.Qxc2+ Kg7 63.Qb3 Ne7
64.Qb7 Kf7 65.Qb3+ Kg7 66.Qe6 N7g6 67.Kg3 h5 68.h4 Ng4 69.Qd7+ Kh6 70.Qf7 N6e5
71.Qf8+ Kh7 72.Qe8 Ng6 73.Qd7+ Kh6 74.Qd2+  1/2-1/2

[Event "NRW-Liga II 9293"]
[Site "Germany"]
[Date "1993.??.??"]
[Round "?"]
[White "Telljohann, Sven"]
[Black "Kruszynski, Wlodzimierz"]
[Result "1-0"]
[WhiteElo "2340"]
[BlackElo "2380"]

1.Nf3 Nf6 2.g3 b6 3.Bg2 Bb7 4.O-O c5 5.c4 e6 6.Nc3 d6 7.Re1 Be7 8.e4 a6 9.d4 cxd4
10.Nxd4 Qc7 11.b3 O-O 12.Bb2 Nbd7 13.Rc1 Rac8 14.g4 h6 15.f4 Nh7 16.Qd2 Bf6
17.Nf3 Rfd8 18.h4 Qb8 19.g5 hxg5 20.hxg5 Be7 21.Bh3 b5 22.g6 Nhf8 23.gxf7+ Kxf7
24.Qg2 Bf6 25.Ng5+ Bxg5 26.Qxg5 Nf6 27.Rc2 Rc5 28.Nd5 exd5 29.Bxf6 Ng6 30.Bf5 Rd7
31.Qxg6+ Kf8 32.Bxd7  1-0

[Event "BL2-O9293"]
[Site "Germany"]
[Date "1993.??.??"]
[Round "?"]
[White "Malich, Burkhard"]
[Black "Przewoznik, Jan"]
[Result "0-1"]
[WhiteElo "2415"]
[BlackElo "2425"]

1.Nf3 c5 2.c4 Nf6 3.g3 b6 4.Bg2 Bb7 5.O-O e6 6.Nc3 Be7 7.b3 O-O 8.Bb2 d5
9.cxd5 Nxd5 10.Nxd5 Bxd5 11.Qc2 Nc6 12.Rfd1 Rc8 13.Rac1 Bf6 14.Bxf6 Qxf6
15.Qb1 Bxf3 16.Bxf3 Nd4 17.Rc3 Rfd8 18.Qe4 Rd5 19.Kg2 Rcd8 20.Rd3 h6 21.Qf4 Qxf4
22.gxf4 Nxe2 23.Re3 Nxf4+ 24.Kg3 Rd4 25.Rb1 g5  0-1

[Event "BL2-W9293"]
[Site "Germany"]
[Date "1993.??.??"]
[Round "?"]
[White "Zude, Erik"]
[Black "Stoering, Volker"]
[Result "1/2-1/2"]
[WhiteElo "2315"]
[BlackElo "2315"]

1.Nf3 Nf6 2.c4 c5 3.g3 b6 4.Bg2 Bb7 5.O-O e6 6.b3 d6 7.Nc3 a6 8.d4 cxd4 9.Qxd4 Nbd7
10.Ba3 Nc5 11.Rad1 Be7 12.e4 Qc8 13.Rfe1 O-O 14.Qe3 Re8 15.h3 Rb8 16.Bxc5 Qxc5
17.Qxc5 bxc5 18.e5 Bxf3 19.Bxf3 dxe5 20.Rxe5 Red8 21.Rxd8+ Rxd8 22.Na4 Nd7
23.Re2 Bf6 24.Bb7 a5 25.f4 Rb8 26.Bf3 Bd4+ 27.Kh2 Kf8 28.Rd2 Ke7 29.Nb2 Kd6
30.Nd3 f5 31.Kg2 h6 32.Re2 g5 33.Bh5 Nf6 34.Bf7 Ne4 35.g4 Rf8 36.gxf5 exf5
37.Bd5 gxf4 38.Nxf4 Be5 39.Nd3 Bd4 40.Bxe4 fxe4 41.Rxe4 Kd7 42.Ne5+ Kd6 43.Nf3 Bc3
44.Rh4 Rf6 45.Rh5 Re6 46.Kf2 Bg7 47.Rf5 a4 48.bxa4 Re4 49.Rd5+ Kc6 50.Nd2 Rxc4
51.Nxc4 Kxd5 52.a5 Bf6 53.Kf3 Bg5 54.Kg4 Bd8 55.a6 Kc6 56.Kh5 Bg5 57.h4 Bf4
58.Kg6 Kc7 59.Kf5 Bc1 60.Ke5 Kb8 61.h5 Ka7 62.Kd5 Kxa6 63.Kxc5 Bf4 64.Nd6 Ka5
65.Nf7 Ka4 66.Kd5 Ka3 67.Ke4 Bc1 68.Kf5 Kxa2 69.Kg6 Kb3 70.Nxh6 Kc4 71.Nf7 Kd5
72.Ng5 Kd6 73.h6 Ke7 74.h7 Bb2 75.Ne4 Bd4 76.Ng3 Bb2 77.Nh5 Bh8 78.Ng7 Kf8
79.Nf5 Bb2 80.Nh6  1/2-1/2

[Event "BL2-N9293"]
[Site "Germany"]
[Date "1993.??.??"]
[Round "?"]
[White "Konopka, Michal"]
[Black "Behrens, Harald"]
[Result "1-0"]
[WhiteElo "2350"]
[BlackElo "2300"]

1.Nf3 Nf6 2.c4 e6 3.g3 b6 4.Bg2 Bb7 5.O-O c5 6.Nc3 Be7 7.d4 cxd4 8.Qxd4 Nc6
9.Qf4 O-O 10.Rd1 d6 11.b3 Qb8 12.Bb2 Rd8 13.Rd2 a6 14.Rad1 h6 15.h4 Ra7 16.g4 Ne5
17.g5 hxg5 18.hxg5 Ng6 19.Qd4 Bxf3 20.Bxf3 Ne8 21.Qe3 d5 22.Na4 b5 23.cxd5 bxa4
24.dxe6 Rxd2 25.exf7+ Kxf7 26.Rxd2 Nd6 27.Bh5 Qb5 28.Rxd6 Bxd6 29.Qxa7+ Ke6
30.Bg4+ Kd5 31.Qf7+  1-0

[Event "Goch op"]
[Site "Goch"]
[Date "1993.??.??"]
[Round "4"]
[White "Thiel, Kuno"]
[Black "Rosenberger, Frank"]
[Result "1/2-1/2"]
[WhiteElo "2320"]
[BlackElo "2140"]

1.Nf3 c5 2.c4 Nf6 3.g3 b6 4.Bg2 Bb7 5.O-O e6 6.Nc3 Be7 7.d4 cxd4 8.Qxd4 d6
9.Bg5 a6 10.Bxf6 Bxf6 11.Qd3 Ra7 12.Rad1 Be7 13.Rfe1 Nd7 14.e4 Qc8 15.b3 O-O
16.Qe3 Ba8 17.Na4 Qb8 18.Nd4 Re8 19.f4 g6 20.e5 Bxg2 21.Kxg2 Qb7+ 22.Qf3 Qxf3+
23.Kxf3 dxe5 24.Nc6 Rc7 25.Nxe7+ Rxe7 26.fxe5 b5 27.Nb2 Re8 28.Rd6 Ra8 29.Kf4 Kg7
30.h4 h6 31.Red1 g5+ 32.hxg5 hxg5+ 33.Kxg5 Nxe5 34.Kf4 Ng6+ 35.Ke4 Rc5 36.Nd3 Rg5
37.Kf3 bxc4 38.bxc4 Ne7 39.Rd7 Rf5+ 40.Kg2 Ng6 41.Re1 Ra5 42.Re2 e5 43.Rf2 Rf8
44.Rc7 e4 45.Nc5 Kg8 46.Nxe4 f5 47.Nc5 Rf6 48.Nb3 Re5 49.Nd4 f4 50.c5 Rg5
51.Ne2 f3+ 52.Kh2 fxe2 53.Rxe2 Rf3 54.Re8+ Nf8 55.Rcc8 Rh5+ 56.Kg2 Rhf5  1/2-1/2

[Event "Goch op"]
[Site "Goch"]
[Date "1993.??.??"]
[Round "7"]
[White "Podzielny, Karl Heinz"]
[Black "Rosenberger, Frank"]
[Result "1-0"]
[WhiteElo "2470"]
[BlackElo "2140"]

1.Nf3 c5 2.g3 b6 3.Bg2 Bb7 4.O-O e6 5.c4 Nf6 6.Nc3 Be7 7.Re1 d6 8.e4 Nbd7
9.d4 cxd4 10.Nxd4 a6 11.e5 dxe5 12.Nxe6 fxe6 13.Bxb7 Ra7 14.Bg2 O-O 15.Bh3 Kh8
16.Be3 e4 17.Bxe6 Ne5 18.Qxd8 Bxd8 19.Red1 Re7 20.Bd5 Nf3+ 21.Kg2 Ng4 22.Nxe4 Nfxh2
23.Bf4 g5 24.Nxg5 Re2 25.Nh3 h5 26.Rh1 Bf6 27.Rxh2 Nxh2 28.Kxh2 Rxb2 29.Rd1 Rxa2
30.c5 Rb2 31.cxb6 Rxb6 32.Be3 Rb2 33.Nf4 Re8 34.Kh3 a5 35.Rc1 Kh7 36.Rc6 Bg7
37.Rc7 Rb4 38.Nxh5 Re5 39.Rxg7+  1-0

[Event "Gyula"]
[Site "Gyula"]
[Date "1993.??.??"]
[Round "5"]
[White "Gross, Stefan"]
[Black "Sidorov, Anatoly"]
[Result "1/2-1/2"]
[WhiteElo "2330"]
[BlackElo "2390"]

1.Nf3 Nf6 2.c4 e6 3.g3 b6 4.Bg2 Bb7 5.O-O c5 6.Nc3 Qc8 7.b3 Be7 8.Bb2 O-O
9.d4 cxd4 10.Nb5 a6 11.Nbxd4 Be4 12.Rc1 Rd8 13.Ne1 Bxg2 14.Nxg2 Qb7 15.Qd3 b5
16.Rfd1 b4 17.Ne1 Rc8 18.Qf3 Qxf3 19.Nexf3 d6 20.a3 bxa3 21.Bxa3 Ra7 22.Nd2 Kf8
23.f3 Nc6 24.Nxc6 Rxc6 25.Rc3 Rb7 26.Rd3 Rcb6 27.Kf2 Rb8 28.Bb2 Ne8 29.Bd4 Rc6
30.Ra1 Rb7 31.e4 Bf6 32.Ke3 Ke7 33.Ra5 e5 34.Bb2 Kf8 35.Ba3 Be7 36.Nb1 f6
37.f4 Kf7 38.f5 Bd8 39.Ra4 Bb6+ 40.Kd2 Bd4 41.Kc2 Nc7 42.Nc3 Ke7 43.Rb4 Rxb4
44.Bxb4 Kd7 45.Ba5 Bxc3 46.Bxc3 Na8 47.g4 Ke7 48.Ba5 Nb6 49.Rc3 h6 50.h4 Nd7
51.b4 Rc8 52.Kb3 Rb8 53.Ka3 Rc8 54.Kb3 Rb8 55.Re3 Rg8 56.Rd3 Rb8 57.Kc3 Rc8
58.Rd2 Rc6 59.Kb3 Rc8 60.Rd1 Rc6 61.Rg1 Kf7 62.Kc3 Rc8 63.Rg2 Rc6 64.g5 fxg5
65.hxg5 hxg5 66.Rxg5 Nf6 67.Kd3 Rc8 68.Rg3 Nd7 69.Rh3 Nf6 70.Rh4 Nd7 71.Rh3 Nf6
72.Rh4 Nd7 73.Kc3 Ke7 74.Kb3 Kf7 75.Kc3 Ke7 76.Kd3 Kf7 77.Rh1 Ke7 78.Rh2 Kf7
79.Rh4  1/2-1/2

[Event "GER-ch int U20"]
[Site "Hamburg"]
[Date "1993.??.??"]
[Round "?"]
[White "Wierzbicki, Jan Daniel"]
[Black "Dabrowska, Krystyna"]
[Result "0-1"]
[WhiteElo "2055"]
[BlackElo "2240"]

1.Nf3 Nf6 2.c4 c5 3.g3 b6 4.Bg2 Bb7 5.O-O e6 6.b3 Be7 7.Bb2 O-O 8.d3 d5 9.e3 Nc6
10.a3 Qd7 11.Qc2 Rfd8 12.Rd1 Rac8 13.Nbd2 dxc4 14.Nxc4 Qc7 15.Nfe5 Nd7 16.Nxc6 Bxc6
17.Bxc6 Qxc6 18.Qe2 Bf6 19.Bxf6 Nxf6 20.Rac1 Qb7 21.Ne5 Rd5 22.f4 Qa6 23.a4 Nd7
24.Nxd7 Rxd7 25.Rc3 Rcd8 26.Qc2 Qb7 27.Qg2 Rd5 28.Qc2 a5 29.Qg2 Qe7 30.e4 Rd4
31.Qc2 Qd7 32.Kf2 Rxe4 33.dxe4 Qxd1 34.Qxd1 Rxd1 35.Ke2 Rd4 36.Rc4 Rd8 37.Rc3 Kf8
38.e5 Ke7 39.Ke3 Rd5 40.Rc4 Kd7 41.g4 Kc6 42.h3 Rd1 43.Ke2 Rd4 44.Ke3 Kd5
45.Rc3 Re4+ 46.Kf3 c4 47.bxc4+ Rxc4 48.Rd3+ Rd4 49.Rb3 Rb4 50.Rd3+ Kc6 51.Rc3+ Kd5
52.Rc7 Rxa4 53.Rxf7 Ra3+ 54.Kg2 Ke4 55.Rxg7 Kxf4 56.Rxh7 Ra2+ 57.Kg1 a4 58.Rb7 Rb2
59.Ra7 b5 60.Ra5 Kxe5 61.h4 Kf6 62.Kf1 Ke5 63.h5 Kf4 64.h6 Kxg4 65.h7 Rh2
66.Rxb5 Rxh7 67.Rb4+ Kf3  0-1

[Event "Harkany op"]
[Site "Harkany"]
[Date "1993.??.??"]
[Round "8"]
[White "Vaulin, Alexander"]
[Black "Totsky, Leonid"]
[Result "1/2-1/2"]
[WhiteElo "2500"]
[BlackElo "2430"]

1.Nf3 c5 2.c4 Nf6 3.g3 b6 4.Bg2 Bb7 5.O-O e6 6.Nc3 Be7 7.d4 cxd4 8.Qxd4 d6
9.Rd1 a6 10.b3 Nbd7 11.e4 Qc7 12.Ba3 Nc5 13.e5 dxe5 14.Qxe5 Rc8 15.Qxc7 Rxc7
16.Bc1 Ncd7 17.Bf4 Rc8 18.Rd3 Bb4 19.Ne5 Bxg2 20.Nxd7 Nxd7 21.Kxg2 Nc5 22.Re3 Bxc3
23.Rxc3 Ke7 24.b4 Ne4 25.Ra3 Rxc4 26.Rxa6 Rxb4 27.Be5 Rd8 28.Bxg7 Nc5 29.Ra7+ Rd7
30.Ra8 Ra4 31.Rh8 Rd2 32.a3 Ne4 33.Rf1 Rc4 34.Bf8+ Kf6 35.Rxh7 Rcc2 36.Rh4 Rxf2+
37.Rxf2+ Rxf2+ 38.Kg1 Re2 39.Kf1 Nc3 40.Rf4+ Kg6 41.Rg4+ Kf5 42.Rf4+ Kg6
43.Rg4+ Kf5 44.Rf4+ Kg6 45.Rg4+  1/2-1/2

[Event "Helsinki"]
[Site "Helsinki"]
[Date "1993.??.??"]
[Round "2"]
[White "Hakulinen, Esko Matti"]
[Black "Kiik, Kalle"]
[Result "0-1"]
[WhiteElo "2355"]
[BlackElo "2365"]

1.Nf3 Nf6 2.c4 c5 3.g3 b6 4.Bg2 Bb7 5.O-O e6 6.Nc3 a6 7.Re1 d6 8.e4 Nbd7
9.d4 cxd4 10.Qxd4 Be7 11.b3 Qc7 12.Bb2 O-O 13.Rad1 Rfd8 14.h3 Bf8 15.Qe3 e5
16.Nd5 Bxd5 17.cxd5 Nc5 18.Nh4 Re8 19.Qg5 h6 20.Qd2 Qd8 21.Nf5 Kh7 22.f3 g6
23.Ne3 h5 24.Qe2 h4 25.g4 Bh6 26.Nc2 b5 27.Nb4 Nfd7 28.Kh1 Qf6 29.Nc6 Bf4
30.Rb1 Nb8 31.Na5 Qd8 32.Bc3 Nbd7 33.Nc6 Qg5 34.Rb2 Kh6 35.Rc2 f5 36.Rf1 Rf8
37.Be1 Rf7 38.Qf2 Bg3 39.Bd2 Bxf2 40.Bxg5+ Kxg5 41.Rfxf2 Nd3 42.Rfe2 Nf4
43.Re3 Raf8 44.Kh2 Nf6 45.Bh1 Nh7 46.Na5 fxe4 47.fxe4 Kh6 48.Rc6 Ng5 49.Rxd6 Nfxh3
50.Rxh3 Rf2+ 51.Bg2 Nf3+ 52.Kh1 Ne1 53.Re3 Nxg2 54.Rc3 Rf1+ 55.Kxg2  0-1

[Event "Heraklio op"]
[Site "Heraklio"]
[Date "1993.??.??"]
[Round "4"]
[White "Velikov, Petar"]
[Black "Ulibin, Mikhail"]
[Result "1-0"]
[WhiteElo "2460"]
[BlackElo "2560"]

1.Nf3 c5 2.g3 b6 3.Bg2 Bb7 4.c4 Nf6 5.O-O e6 6.Nc3 d6 7.d4 cxd4 8.Qxd4 a6
9.Rd1 Be7 10.Bg5 Nbd7 11.Qd2 Qc8 12.Bf4 Nc5 13.Qc2 Qc7 14.Rac1 O-O 15.b4 Nce4
16.Nxe4 Bxe4 17.Qb2 Qb8 18.Qa3 h6 19.c5 e5 20.Be3 bxc5 21.bxc5 d5 22.Qa5 d4
23.Bd2 Rc8 24.c6 Bd6 25.Nh4 Qb5 26.e3 dxe3 27.fxe3 Bxg2 28.Nxg2 Ne4 29.Be1 f5
30.Nh4 Rf8 31.Rc2 Rab8 32.Qxb5 axb5 33.Rd5 b4 34.Rc4 Rf6 35.Nf3 g5 36.g4 fxg4
37.Nxe5 Bxe5 38.Rxe5 Nd6 39.Rc1 Kf7 40.Rec5  1-0

[Event "Hlinsko op"]
[Site "Hlinsko"]
[Date "1993.??.??"]
[Round "?"]
[White "Pribyl, Josef"]
[Black "Vasilchenko, Oleg"]
[Result "1-0"]
[WhiteElo "2470"]
[BlackElo "2425"]

1.Nf3 Nf6 2.c4 e6 3.g3 b6 4.Bg2 Bb7 5.O-O c5 6.Nc3 d6 7.d3 Be7 8.a3 Nbd7
9.b4 d5 10.cxd5 Nxd5 11.Nxd5 Bxd5 12.Bb2 O-O 13.Qd2 Bf6 14.Rfc1 Qe7 15.d4 Rfd8
16.Qc2 cxd4 17.Nxd4 Bxg2 18.Kxg2 Bxd4 19.Bxd4 Nf6 20.Qc6 h5 21.Ra2 Rab8 22.Be5 Ra8
23.Rac2 Ng4 24.Bb2 e5 25.Qe4 Re8 26.Rc7 Qe6 27.R1c6 Qa2 28.Qf5 Nh6 29.Qxh5 Qd5+
30.f3 Qb5 31.Rxh6 Qxe2+ 32.Kh3 Qf1+ 33.Kh4  1-0

[Event "HUN-chT"]
[Site "HUN"]
[Date "1993.??.??"]
[Round "?"]
[White "Abel, Lajos"]
[Black "Szirmai, Eduard"]
[Result "1/2-1/2"]
[WhiteElo "2285"]
[BlackElo "2245"]

1.Nf3 c5 2.g3 b6 3.Bg2 Bb7 4.c4 e6 5.O-O Nf6 6.b3 d6 7.Bb2 Nbd7 8.Nc3 Be7
9.Qc2 a6 10.Rad1 Qc7 11.e4 O-O 12.Rfe1 Ne5 13.d3 Nfd7 14.Ne2 Rac8 15.Nd2 b5
16.Nf1 Bf6 17.Ne3 Rfd8 18.Qb1 h6 19.Rd2 Nc6 20.Red1 Nd4 21.Ng4 Nxe2+ 22.Rxe2 Bd4
23.Ne3  1/2-1/2

[Event "Katowice op"]
[Site "Katowice"]
[Date "1993.??.??"]
[Round "4"]
[White "Kulagin, Alexander"]
[Black "Dabek, Roman"]
[Result "1-0"]
[WhiteElo "2265"]
[BlackElo "2370"]

1.Nf3 c5 2.g3 b6 3.Bg2 Bb7 4.O-O Nf6 5.c4 e6 6.Nc3 d6 7.d4 cxd4 8.Qxd4 a6
9.Rd1 Qc7 10.e4 Be7 11.b3 O-O 12.Ba3 Rd8 13.Rac1 Ne8 14.Qe3 Nd7 15.Bb4 Rac8
16.Rc2 Qb8 17.Rcd2 Nc5 18.Nd4 Qa8 19.Nc2 h6 20.h4 Bf6 21.Nd4 a5 22.Ba3 a4
23.Bxc5 dxc5 24.Ndb5 axb3 25.axb3 Rxd2 26.Rxd2 Bc6 27.Kh2 Bxc3 28.Nxc3 Qb7
29.f3 Ra8 30.Ne2 e5 31.Nc3 Nc7 32.Bh3 Na6 33.Nd5 Nb4 34.Nxb4 cxb4 35.Qd3 Ra3
36.Qd8+ Kh7 37.Qf8 Ra8 38.Qxb4 Ra1 39.Qf8 Qa7 40.Bf5+ g6 41.Rd8 Qa2+ 42.Kh3 Rh1+
43.Kg4 Rxh4+ 44.Kxh4 Qh2+ 45.Bh3 g5+ 46.Kg4 h5+ 47.Kxg5 Qxg3+ 48.Kf6 Qh4+
49.Kxf7  1-0

[Event "Katowice op"]
[Site "Katowice"]
[Date "1993.??.??"]
[Round "6"]
[White "Panchenko, Alexander N"]
[Black "Brodsky, Michail"]
[Result "1/2-1/2"]
[WhiteElo "2460"]
[BlackElo "2520"]

1.Nf3 c5 2.c4 Nf6 3.g3 b6 4.Bg2 Bb7 5.O-O e6 6.b3 Be7 7.Bb2 O-O 8.Nc3 d6
9.e3 Nbd7 10.Qe2 Ne4 11.Nxe4 Bxe4 12.Rfd1  1/2-1/2

[Event "Katowice op"]
[Site "Katowice"]
[Date "1993.??.??"]
[Round "8"]
[White "Kulagin, Alexander"]
[Black "Pisulinski, Jan"]
[Result "1/2-1/2"]
[WhiteElo "2265"]
[BlackElo "2375"]

1.Nf3 c5 2.g3 b6 3.Bg2 Bb7 4.O-O Nf6 5.c4 e6 6.Nc3 a6 7.d4 cxd4 8.Qxd4 d6
9.Rd1 Nbd7 10.e4 Be7 11.b3 O-O 12.Qe3 Qc7 13.Ba3 Rfe8 14.h3 Rac8 15.Bb4 Qb8
16.Nd4 Bf8 17.Re1 Qa8 18.Na4 g6 19.Rad1 e5 20.Nc2 b5 21.Nb2 Re6 22.Re2 bxc4
23.Nxc4 d5 24.exd5 Nxd5 25.Qd2 Nxb4 26.Bxb7 Qxb7 27.Nxb4 Nf6 28.Nd5 e4 29.Nxf6+ Rxf6
30.Qd5  1/2-1/2